Security community in South Asia : (Record no. 14836)

000 -LEADER
fixed length control field 01905cam a2200349 a 4500
001 - CONTROL NUMBER
control field 17147637
005 - DATE AND TIME OF LATEST TRANSACTION
control field 20170105102905.0
008 - FIXED-LENGTH DATA ELEMENTS--GENERAL INFORMATION
fixed length control field 120203s2013 enka b 001 0 eng
010 ## - LIBRARY OF CONGRESS CONTROL NUMBER
LC control number 2012002853
020 ## - INTERNATIONAL STANDARD BOOK NUMBER
International Standard Book Number 9780415531504 (hardback)
020 ## - INTERNATIONAL STANDARD BOOK NUMBER
International Standard Book Number 9780203106266 (ebook)
040 ## - CATALOGING SOURCE
Original cataloging agency DLC
Transcribing agency DLC
042 ## - AUTHENTICATION CODE
Authentication code pcc
043 ## - GEOGRAPHIC AREA CODE
Geographic area code az-----
-- a-ii---
-- a-pk---
050 00 - LIBRARY OF CONGRESS CALL NUMBER
Classification number JZ6009.S64
Item number P47 2013
082 00 - DEWEY DECIMAL CLASSIFICATION NUMBER
Classification number 355/.033054
Edition number 23
100 1# - MAIN ENTRY--PERSONAL NAME
Personal name Pervez, Muhammad Shoaib.
245 10 - TITLE STATEMENT
Title Security community in South Asia :
Remainder of title India-Pakistan /
Statement of responsibility, etc. Muhammad Shoaib Pervez.
260 ## - PUBLICATION, DISTRIBUTION, ETC.
Place of publication, distribution, etc. London ;
-- New York :
Name of publisher, distributor, etc. Routledge,
Date of publication, distribution, etc. 2013.
300 ## - PHYSICAL DESCRIPTION
Extent 160 p. :
Other physical details ill. ;
Dimensions 24 cm.
490 0# - SERIES STATEMENT
Series statement Routledge studies in South Asian politics ;
Volume/sequential designation 2
504 ## - BIBLIOGRAPHY, ETC. NOTE
Bibliography, etc. note Includes bibliographical references (p.[147]-160) and index.
505 0# - FORMATTED CONTENTS NOTE
Formatted contents note Introduction -- The India-Pakistan conflict: social constructivism versus neo-realism neo-liberalism -- The social constructivist security dilemma and the security community: the popular and elites' social practices -- The identities of India and Pakistan in the formative phase of state building: ideology as a key identity signifier -- The Kashmir dispute: the quest of India and Pakistan identities and Kashmiriyat, the estranged Kashmir identity -- India-Pakistan nuclear rivalry: the influence of ideology upon elites' social practices -- Exploration of norms for a hypothetical security community between India and Pakistan -- Conclusion.
650 #0 - SUBJECT ADDED ENTRY--TOPICAL TERM
Topical term or geographic name entry element Security, International
Geographic subdivision South Asia.
651 #0 - SUBJECT ADDED ENTRY--GEOGRAPHIC NAME
Geographic name South Asia
General subdivision Foreign relations.
651 #0 - SUBJECT ADDED ENTRY--GEOGRAPHIC NAME
Geographic name India
General subdivision Foreign relations
Geographic subdivision Pakistan.
651 #0 - SUBJECT ADDED ENTRY--GEOGRAPHIC NAME
Geographic name Pakistan
General subdivision Foreign relations
Geographic subdivision India.
651 #0 - SUBJECT ADDED ENTRY--GEOGRAPHIC NAME
Geographic name South Asia
General subdivision Politics and government.
906 ## - LOCAL DATA ELEMENT F, LDF (RLIN)
a 7
b cbc
c orignew
d 1
e ecip
f 20
g y-gencatlg
942 ## - ADDED ENTRY ELEMENTS (KOHA)
Source of classification or shelving scheme
Koha item type Book
Holdings
Withdrawn status Lost status Damaged status Not for loan Collection code Permanent Location Current Location Shelving location Date acquired Total Checkouts Full call number Barcode Date last seen Price effective from Koha item type
          Centre for International Peace & Stability (CIPS) Centre for International Peace & Stability (CIPS) General Stacks 10/01/2013   355.033054 PER 2013 CIPS0001475 10/22/2013 10/22/2013 Book
© 2023 Central Library, National University of Sciences and Technology. All Rights Reserved.